Movies Quiz

Random Movies or Oscar Quiz

Directed to Oscar Greatness! Quiz Stats

Quiz Updated Feb 17, 2017

Challenge
Share
Tweet
Embed
Score 0/20 Timer 06:00
0 Plays Today
Director Actor % Correct
Martin ScorseseJoe Pesci...
96.8%
Clint EastwoodMorgan Freeman...
94.2%
Francis Ford CoppolaMarlon Brando...
93.1%
Steven SpielbergOprah Winfrey...
92.8%
Woody AllenWoody Allen...
90.4%
Quentin Tarantino Uma Thurman...
87.1%
Oliver StoneJames Woods...
79.9%
Frank CapraJimmy Stewart...
76.7%
Alexander PayneJack Nicholson...
73.8%
Joel and Ethan CoenJeff Bridges...
71.3%
Director Actor % Correct
David FincherRosamund Pike...
62.4%
Kathryn BigelowJessica Chastain...
60.7%
David LeanPeter O'Toole...
57.5%
Spike LeeDanny Aiello...
56.1%
Ron HowardRussell Crowe...
55.7%
Christopher NolanHeath Ledger
55.6%
Damien ChazelleEmma Stone...
48.6%
Alfred HitchcockJanet Leigh...
47.4%
Steven SoderberghBenicio Del Toro...
42.9%
Stanley KubrickPeter Sellers...
25.9%

You're not logged in!

Compare scores with friends on all Sporcle quizzes.
Sign Up with Email
OR
Log In

You Might Also Like...

Show Comments

Extras

Top Quizzes Today


Score Distribution

Your Account Isn't Verified!

In order to create a playlist on Sporcle, you need to verify the email address you used during registration. Go to your Sporcle Settings to finish the process.